000 01034nam a2200241 4500
001 13174
003 ES-MaACL
005 20230906150521.0
007 t|
008 000000s1983 sp a ||||0| spa j
016 7 _zIBH8405717917
040 _aIBH
_bspa
_cM-BN-DP
080 _a73(439)"19":061.46(46)"1983"
245 0 0 _aTendencias de la escultura húngara contemporánea
_b: exposición itinerante de escultura a pequeña escala, Salas de la Dirección General de Bellas Artes y Archivos, Madrid, septiembre-octubre, 1983 /
_corganizada por el Ministerio de Cultura Húngaro.
260 _aMadrid :
_bMinisterio de Cultura, Dirección General de Bellas Artes y Archivos,
_cD.L. 1983.
300 _a76 p :
_bil ;
_c25 cm.
650 1 4 _aEscultura húngara-
_yS.XX-
_vExposiciones.
_912444
655 7 _2tgfbne
_9193628
_aCatálogos de exposiciones
710 1 _aEspaña.
_bDirección General de Bellas Artes y Archivos.
_93708
852 _aES-MaACL
_jL-20470
_bR.123373
942 _2udc
999 _c13174
_d13174